000 02663nam a22002537a 4500
999 _c22026
_d22026
003 AR-CdUCM
008 190425b ||||| |||| 00| 0 spa d
040 _aMUNICIPALIDAD PROVINCIAL DEL CUSCO
_cBIBLIOTECA MUNICIPAL DEL CUSCO
082 _aRev. Muni/N°1/1991
110 _aMunicipalidad Provincial del Cusco
_947190
245 _aRevista Municipal del Cusco /
_cMunicipalidad Provincial del Cusco
260 _aCusco.
_bMercantil,
_c1990.
300 _a118 páginas. :
_c28 cm.
440 _aRevista Municipal del Cusco.
_nAño I, N°1, segunda época 1990.
_947200
505 _aContenido: El calendario de los incas. Manuel Chávez Ballón. -- La intangibilidad arqueológica virreinal y republicana del Cusco. Arminda Gibaja Oviedo. -- Los topónimos, la toponimia y la ciudad del Cusco. Víctor Angles Vargas . -- Doña Clorinda Matto de Turner, Periodista. Alcides F. Estrada. -- El primer Corpus Christi cusqueño. Jorge Flores Ochoa. -- Protección del entorno paisajístico arqueológico y ecológico del Cusco. José Carlos Gutiérrez. -- El carácter revolucionario de la obra del Inca Garcilaso y la influencia incaica en el socialismo científico. Julio Antonio Gutiérrez Samanez. -- Localismo y universalidad en la narración Latinoamericana. Gustavo Pérez Ocampo. -- Papeles viejos, pasado que se hace presente iniciación del movimiento sindical y la fundación del primer Sindicato Obrero cusqueño. Julio Gutiérrez Loayza. -- Para ver el teatro nacional desde la butaca provincial. Guido Guevara U. Zulema Arriola. -- Elementos para el diagnostico de la problemática productiva en los barrios populares. Vidal Pino Zambrano. El edicto municipal 002, seis años después. Rafael Velarde Alvarado. El Cusco tendrá finalmente su teatro municipal. La redacción. -- La republica del Cusco. Alcides F. Estrada. -- Acta extraordinaria de la instalación del Concejo Municipal del Cusco -- Comentarios de la obra Música Inkaika del musicólogo cusqueño Policarpo Caballero Farfán -- Relación de los funcionarios de la Municipalidad del Cusco -- Notas culturales -- Himno al Cusco -- Estafeta -- Concejo Municipal Provincial del Cusco Alcalde y Regidores -- Ley que establece la Semana del Cusco Ley 10196 -- Medalla de la ciudad -- Oración al Cusco -- Trabajo de comisiones notas breves -- Decretos de Alcaldía, resoluciones, acuerdos municipales, normas legales.
650 _aHistoria del Cusco
_91714
650 _aInkas
_91899
650 _aCusqueñismo
_92721
700 _aAngles Vargas, Víctor
_947201
700 _aFlores Ochoa, Jorge
_92915
700 _aGutiérrez Loayza, Julio
_946116
942 _2ddc
_cPP
945 _arac